000 00456nam a2200181Ia 4500
008 090124s9999 xx 000 0 und d
082 _b120171
100 _aकुरळे श्याम
245 _a फिरकी
250 _a1
260 _c1983
300 _a174
600 _aकुरळे श्याम
630 _a फिरकी
700 _aकुरळे श्याम
730 _a फिरकी
942 _cBOOK
999 _c166257
_d166257